| 000 | 00690nam a22002057a 4500 | ||
|---|---|---|---|
| 005 | 20251108172424.0 | ||
| 008 | 250721s9999 xx 000 0 ara d | ||
| 082 | 1 | 4 | _aم/213.63/قرط |
| 100 | 1 | _aقرطبي، شمس الدين ابو عبدالله محمد بن أحمد | |
| 245 | 1 | 0 | _aتذكرة في أحوال الموتى وأمور الآخرة / |
| 264 | 1 |
_aالقاهرة : _bدار الحديث، |
|
| 300 | _a592 ص | ||
| 650 | 1 | 7 | _aالإسلام |
| 650 | 1 | 7 | _aالحياة الآخرة |
| 650 | 1 | 7 | _aالإيمان باليوم الآخر |
| 650 | 1 | 7 | _aالوفاة |
| 700 | 1 |
_aصبابطي، عصام الدين _eمحقق |
|
| 942 |
_2ddc _cREF |
||
| 999 |
_c78922 _d78922 |
||